| 000 | 00491nam a22001697i 4500 | ||
|---|---|---|---|
| 050 | 1 | 4 |
_aDS 668.9 _bH173 |
| 100 | 1 | _aHalili, Maria Christine N. | |
| 245 |
_aPhilippine history _cMaria Christine N. Halili |
||
| 264 | 1 |
_aManila: _bRex Publishing, _c2004. |
|
| 300 |
_axv, 353 pages; _c22 cm. |
||
| 336 |
_atext _btxt _2rdacontent |
||
| 337 |
_aunmediated _bn _2rdamedia |
||
| 338 |
_avolume _bnc _2rdacarrier |
||
| 500 | _aIncludes index. | ||
| 650 | _a1.Philippine--History. I.Title | ||
| 942 | _cF | ||
| 999 |
_c3785 _d3785 |
||